[Event "The Youth League, season 2"]
[Site "SchemingMind.com"]
[Date "2005.11.25"]
[Round "-"]
[White "thinkfirst29"]
[Black "alejandroales"]
[Result "0-1"]
[WhiteCountry "USA"]
[BlackCountry "ARG"]
[WhiteElo "1656"]
[WhiteRD "70"]
[BlackElo "1693"]
[BlackRD "104"]
[GameID "31318"]

1. e4 c5 2. d4 cxd4 3. Nf3 d6 4. Qxd4 Nc6 5. Qa4 Nf6 6. Nc3 g6 7. Bb5 Qc7 8. Nd5 Qd7 9. Nd4 a6 10. Nxc6 axb5
11. Qxa8 Qxc6 12. Nxf6+ exf6 13. c3 Bg7 14. Qa3 Qxe4+ 15. Be3 O-O 16. O-O Qc6 17. Rad1 d5 18. Qc5 Re8 19. Rxd5 Be6 20. Qxc6 bxc6
21. Rd6 Bd5 22. a3 f5 23. Bd4 Bxd4 24. cxd4 Re2 25. b4 Ra2 26. h3 Rxa3 27. Rc1 Rd3 28. g4 fxg4 29. hxg4 Rxd4 30. Rcxc6 Rxg4+
31. Kf1 Bxc6 32. Rxc6 Rxb4
0-1

[Event "The Youth League, season 2"]
[Site "SchemingMind.com"]
[Date "2005.11.25"]
[Round "-"]
[White "thinkfirst29"]
[Black "njet"]
[Result "0-1"]
[WhiteCountry "USA"]
[BlackCountry "RUS"]
[WhiteElo "1656"]
[WhiteRD "70"]
[BlackElo "1912"]
[BlackRD "119"]
[GameID "31319"]

1. e4 c5 2. Nf3 d6 3. d4 cxd4 4. Nxd4 Nf6 5. Nc3 a6 6. Bg5 e6 7. f4 Qc7 8. Qd2 Be7 9. O-O-O b5 10. h3 Bb7
11. Bxf6 Bxf6 12. a3 Nc6 13. Nxc6 Qxc6 14. Qxd6 Qxd6 15. Rxd6 Bxc3 16. bxc3 Bxe4 17. Rh2 Bd5 18. g4 Ke7 19. Rb6 h5 20. g5 Rhc8
21. Kb2 Kd7 22. a4 bxa4 23. Bxa6 a3+ 24. Kxa3 Kc7 25. c4 Kxb6 26. cxd5 Rxa6+ 27. Kb2 exd5 28. Rd2 Kc5
0-1

[Event "The Youth League, season 2"]
[Site "SchemingMind.com"]
[Date "2005.11.25"]
[Round "-"]
[White "Ashmaster"]
[Black "thinkfirst29"]
[Result "0-1"]
[WhiteCountry "IRL"]
[BlackCountry "USA"]
[WhiteElo "1400"]
[WhiteRD "63"]
[BlackElo "1656"]
[BlackRD "70"]
[GameID "31320"]

1. e4 c5 2. Nf3 g6 3. d4 cxd4 4. Nxd4 Bg7 5. c4 Nc6 6. Be3 d6 7. Nc3 a6 8. Be2 Nxd4 9. Bxd4 Bxd4 10. Qxd4 Nf6
11. b3 e5 12. Qd3 Be6 13. O-O h5 14. Rfe1 Qd7 15. Rad1 Rd8 16. Nd5 Nxd5 17. exd5 Bf5 18. Qc3 h4 19. Bd3 Bxd3 20. Qxd3 f5
21. Qc3 h3 22. Qg3 Kf7 23. Qg5 Rh5 24. Qg3 f4 25. Qf3 hxg2 26. Kxg2 Rdh8 27. Rh1 Rh3 28. Qe4 Qg4+ 29. Kf1 Qxd1+ 30. Kg2 f3+
0-1

[Event "The Youth League, season 2"]
[Site "SchemingMind.com"]
[Date "2005.11.25"]
[Round "-"]
[White "asperse"]
[Black "thinkfirst29"]
[Result "0-1"]
[WhiteCountry "ENG"]
[BlackCountry "USA"]
[WhiteElo "1328"]
[WhiteRD "66"]
[BlackElo "1656"]
[BlackRD "70"]
[GameID "31321"]

1. e4 c5 2. Bc4 e6 3. Nc3 a6 4. Nf3 Nc6 5. O-O Qc7 6. d4 b5 7. Be2 cxd4 8. Nxd4 Bb7 9. Nxc6 Bxc6 10. g3 Nf6
11. Bd3 Bc5 12. Be3 d6 13. Bxc5 dxc5 14. f3 O-O-O 15. Qe2 c4 16. Rad1 cxd3 17. Rxd3 Rxd3 18. cxd3 Rd8 19. Rc1 Kb7 20. b3 g5
21. Qd2 h6 22. a4 b4 23. Nb5 axb5 24. axb5 Qb6+ 25. Kf1 Bxb5 26. Ke2 Bxd3+ 27. Ke1 Qg1#
0-1

[Event "The Youth League, season 2"]
[Site "SchemingMind.com"]
[Date "2005.11.28"]
[Round "-"]
[White "Scotty919"]
[Black "thinkfirst29"]
[Result "0-1"]
[WhiteCountry "ENG"]
[BlackCountry "USA"]
[WhiteElo "1310"]
[WhiteRD "67"]
[BlackElo "1641"]
[BlackRD "71"]
[GameID "31322"]

1. e4 e6 2. Nf3 c5 3. Bc4 Nc6 4. O-O Nf6 5. Re1 Be7 6. c3 d5 7. Bb3 Nxe4 8. d3 Nd6 9. Nbd2 O-O 10. h3 b6
11. a3 Ba6 12. Bc2 d4 13. cxd4 Nxd4 14. Nxd4 cxd4 15. Nb3 Nf5 16. Bf4 Bg5 17. Qf3 Qe7 18. Re4 h6 19. Nxd4 Nh4 20. Qg3 Bb7
21. Re2 Bxf4 22. Qxf4 Rae8 23. g3 Ng6 24. Qe3 Qf6 25. Rc1 h5 26. Ba4 Rd8 27. Rc7 Rxd4 28. Bd7 Ba6 29. Rc3 Rd8 30. Bc6 Ne7
31. Bg2 Bxd3 32. Rd2 Nf5 33. Qf3 Be4 34. Qxh5 Rxd2 35. Rc4 Bxg2 36. Kxg2 Ne3+
0-1

[Event "The Youth League, season 2"]
[Site "SchemingMind.com"]
[Date "2005.11.25"]
[Round "-"]
[White "Manuel Ángel Seris-Granier"]
[Black "thinkfirst29"]
[Result "1-0"]
[WhiteCountry "ESP"]
[BlackCountry "USA"]
[WhiteElo "2019"]
[WhiteRD "123"]
[BlackElo "1641"]
[BlackRD "71"]
[GameID "31323"]

1. d4 Nf6 2. c4 c5 3. d5 e6 4. Nc3 exd5 5. cxd5 d6 6. e4 Bg4 7. Be2 Nbd7 8. Bxg4 Nxg4 9. Qxg4 Ne5 10. Qd1 g6
11. Nf3 Bg7 12. O-O O-O 13. Bf4 f5 14. Bxe5 dxe5 15. d6 Rf7 16. Re1 Rd7 17. Qd5+ Kh8 18. Nxe5 Bxe5 19. Qxe5+ Kg8 20. Qe6+ Kg7
21. e5 a6 22. Rad1 b5 23. Qd5 b4 24. Na4 Rb8 25. Nxc5
1-0

[Event "The Youth League, season 2"]
[Site "SchemingMind.com"]
[Date "2005.11.25"]
[Round "-"]
[White "alejandroales"]
[Black "thinkfirst29"]
[Result "1-0"]
[WhiteCountry "ARG"]
[BlackCountry "USA"]
[WhiteElo "1650"]
[WhiteRD "81"]
[BlackElo "1641"]
[BlackRD "71"]
[GameID "31324"]

1. e4 c5 2. Nf3 Nc6 3. d4 cxd4 4. Nxd4 g6 5. c4 Bg7 6. Be3 e6 7. Nc3 Nge7 8. Be2 O-O 9. O-O d5 10. cxd5 exd5
11. exd5 Nxd5 12. Nxd5 Qxd5 13. Nxc6 Qxc6 14. Bf3 Qb5 15. Rb1 Bf5 16. b3 Bxb1 17. Qxb1 Rfd8 18. Rc1 Bd4 19. Qe4 Bxe3 20. Qxe3 Rac8
21. Re1 Re8 22. Qd2 Rxe1+ 23. Qxe1 Re8 24. Qd2 Qe5 25. h3 Qe1+ 26. Qxe1 Rxe1+ 27. Kh2 b6 28. a4 a5 29. Kg3 g5 30. Bd5 h5
31. h4 Rd1 32. Bc4 Rd4 33. hxg5 Rg4+ 34. Kf3 Rxg5 35. g3 Kg7 36. Kf4 f6 37. f3 Kf8 38. g4 h4 39. Be6 h3 40. Kg3 Ke7
41. Bf5 h2 42. Kxh2 Kd6 43. Kg3 Ke5 44. f4+ Kd4 45. fxg5 fxg5 46. Kf3 Kc3 47. Be6 Kd4 48. Bc4 Ke5= 49. Ke3 Kf6 50. Ke4 Kg6
51. Ke5 Kh6 52. Kf6 Kh7 53. Kxg5 Kg7 54. Kf5 Kh6 55. g5+ Kg7 56. g6 b5 57. axb5 a4 58. bxa4
1-0

[Event "The Youth League, season 2"]
[Site "SchemingMind.com"]
[Date "2005.11.25"]
[Round "-"]
[White "njet"]
[Black "thinkfirst29"]
[Result "1-0"]
[WhiteCountry "RUS"]
[BlackCountry "USA"]
[WhiteElo "1912"]
[WhiteRD "119"]
[BlackElo "1656"]
[BlackRD "70"]
[GameID "31325"]

1. e4 c5 2. Nf3 g6 3. d4 cxd4 4. Nxd4 Bg7 5. Nc3 Nc6 6. Be3 Nf6 7. Qd2 d6 8. Be2 O-O 9. h3 e5 10. Ndb5 Ne8
11. O-O-O f5 12. Nxd6 Nxd6 13. Qxd6 f4 14. Bc5 Qxd6 15. Rxd6 Rf6 16. Rxf6 Bxf6 17. Nd5 Kf7 18. Nc7 Rb8 19. Bc4+ Kg7 20. Ne8+ Kh6
21. Bf8+ Kg5 22. h4+ Kh5 23. Nxf6#
1-0

[Event "The Youth League, season 2"]
[Site "SchemingMind.com"]
[Date "2005.11.27"]
[Round "-"]
[White "sansubari"]
[Black "Ashmaster"]
[Result "1-0"]
[WhiteCountry "MAS"]
[BlackCountry "IRL"]
[WhiteElo "1639"]
[WhiteRD "71"]
[BlackElo "1399"]
[BlackRD "65"]
[GameID "31469"]

1. d4 Nf6 2. Bf4 d5 3. Nf3 e6 4. c3 Bd6 5. Bg5 Nc6 6. e3 Bd7 7. Bb5 O-O 8. Bxc6 Bxc6 9. Ne5 Be7 10. Nxc6 bxc6
11. b4 a5 12. bxa5 Rxa5 13. O-O c5 14. Nd2 cxd4 15. cxd4 c5 16. Nb3 Rb5 17. dxc5 Bxc5 18. a4 Rxb3 19. Qxb3 Qb6 20. Qxb6 Bxb6
21. a5 Ba7 22. Bxf6 gxf6 23. Rfb1
1-0

[Event "The Youth League, season 2"]
[Site "SchemingMind.com"]
[Date "2005.11.27"]
[Round "-"]
[White "sansubari"]
[Black "asperse"]
[Result "0-1"]
[WhiteCountry "MAS"]
[BlackCountry "ENG"]
[WhiteElo "1638"]
[WhiteRD "76"]
[BlackElo "1328"]
[BlackRD "66"]
[GameID "31470"]

1. d4 f5 2. Bf4 Nc6 3. Nf3 d6 4. c3 e6 5. Qb3 Nf6 6. Ng5 Qe7 7. e3 e5 8. dxe5 dxe5 9. Bg3 f4 10. Bh4 h6
11. Ne4 g5 12. Nxf6+ Qxf6 13. Bc4 gxh4
0-1

[Event "The Youth League, season 2"]
[Site "SchemingMind.com"]
[Date "2005.11.27"]
[Round "-"]
[White "sansubari"]
[Black "Scotty919"]
[Result "1-0"]
[WhiteCountry "MAS"]
[BlackCountry "ENG"]
[WhiteElo "1638"]
[WhiteRD "76"]
[BlackElo "1322"]
[BlackRD "70"]
[GameID "31471"]

1. d4 d5 2. Bf4 f6 3. Nf3 Nc6 4. c3 Bf5 5. Qa4 Qd7 6. e3 e6 7. Bb5 Bxb1 8. Rxb1 f5 9. Ne5 Qe7 10. Nxc6 bxc6
11. Bxc6+ Kd8 12. Bxa8 c6 13. Bxc6 Nf6 14. Qb5 Ne4 15. Qb8#
1-0

[Event "The Youth League, season 2"]
[Site "SchemingMind.com"]
[Date "2005.11.27"]
[Round "-"]
[White "sansubari"]
[Black "thinkfirst29"]
[Result "0-1"]
[WhiteCountry "MAS"]
[BlackCountry "USA"]
[WhiteElo "1639"]
[WhiteRD "71"]
[BlackElo "1641"]
[BlackRD "71"]
[GameID "31472"]

1. d4 c5 2. dxc5 Qa5+ 3. c3 Qxc5 4. Nf3 Nf6 5. Bf4 Nc6 6. Nbd2 g6 7. e3 Bg7 8. Nb3 Qb6 9. Ne5 d6 10. Nxc6 bxc6
11. h3 Bf5 12. Bd3 Nd5 13. Qc2 Nxf4 14. exf4 e5 15. fxe5 Bxe5 16. Bxf5 gxf5 17. Qxf5 Qb5 18. Qe4 O-O-O 19. O-O-O Rhg8 20. g3 f6
21. Nd4 Bxd4 22. Rxd4 Rge8 23. Qf5+ Qxf5
0-1

[Event "The Youth League, season 2"]
[Site "SchemingMind.com"]
[Date "2005.11.27"]
[Round "-"]
[White "sansubari"]
[Black "Manuel Ángel Seris-Granier"]
[Result "0-1"]
[WhiteCountry "MAS"]
[BlackCountry "ESP"]
[WhiteElo "1639"]
[WhiteRD "71"]
[BlackElo "2019"]
[BlackRD "123"]
[GameID "31473"]

1. d4 d5 2. Bf4 Nf6 3. Nf3 c5 4. dxc5 e6 5. b4 a5 6. c3 b6 7. cxb6 Qxb6 8. Be3 Qc7 9. b5 Nbd7 10. a4 Bd6
11. h3 O-O 12. Nd4 Nb6 13. Nb3 Nc4 14. Bc1 Ne4 15. N1d2 Nxf2 16. Kxf2 Ne3 17. Kxe3 Qxc3+ 18. Kf2 Qg3+ 19. Kg1 Qe3#
0-1

[Event "The Youth League, season 2"]
[Site "SchemingMind.com"]
[Date "2005.11.27"]
[Round "-"]
[White "sansubari"]
[Black "alejandroales"]
[Result "0-1"]
[WhiteCountry "MAS"]
[BlackCountry "ARG"]
[WhiteElo "1639"]
[WhiteRD "71"]
[BlackElo "1650"]
[BlackRD "81"]
[GameID "31474"]

1. d4 d5 2. Bf4 Nf6 3. Nf3 e6 4. c3 c5 5. e3 Nc6 6. Qa4 Bd7 7. Qc2 Rc8 8. Ne5 cxd4 9. Nxc6 Bxc6 10. exd4 Be7
11. f3 O-O 12. Be5 Qb6 13. Bd3 h6 14. Nd2 Nd7 15. Bf4 Bb5 16. Nb3 Ba4 17. g4 e5 18. dxe5 d4 19. c4 Nc5 20. Qd1 Nxb3
21. axb3 Bxb3 22. Qc1 Qc6 23. Kf2 Bxc4 24. Bxc4 Bh4+ 25. Kg2 Qxc4 26. Qxc4= Rxc4 27. b3 Rc2+ 28. Kh3 g5 29. Bg3 Bxg3 30. Kxg3= a6
31. Rad1 Rd8 32. h4 d3 33. hxg5 hxg5 34. Rh5= d2 35. Rh2 a5 36. Re2 b5 37. Rf2 a4 38. bxa4 bxa4 39. Rff1 a3 40. Ra1 a2
41. Rfd1 Rb8 42. Kf2 Rb1 43. Ke3 Rxa1
0-1

[Event "The Youth League, season 2"]
[Site "SchemingMind.com"]
[Date "2005.11.27"]
[Round "-"]
[White "sansubari"]
[Black "njet"]
[Result "0-1"]
[WhiteCountry "MAS"]
[BlackCountry "RUS"]
[WhiteElo "1641"]
[WhiteRD "66"]
[BlackElo "2040"]
[BlackRD "94"]
[GameID "31475"]

1. d4 Nf6 2. Bf4 g6 3. Nf3 Bg7 4. c3 O-O 5. e3 d6 6. Nbd2 c5 7. dxc5 dxc5 8. Bc4 Nc6 9. h3 a6 10. Ne5 Nxe5
11. Bxe5 b5 12. Bb3 Bb7 13. O-O c4 14. Bc2= Qd5 15. Nf3= Qe6 16. Bf4 Rad8 17. Qe2 Nh5 18. Bc7 Rd7 19. Bh2= Rfd8 20. Rfd1 b4
21. cxb4 Bxb2 22. Rab1 Rxd1+ 23. Bxd1 c3 24. Bb3 Qf5 25. Bc2 Bxf3 26. gxf3 Qg5+ 27. Kf1 Rd2 28. f4 Qd5 29. e4 Qxa2 30. Qe1 Qc4+
31. Kg1 Rxc2 32. e5 Rd2 33. h4 c2
0-1

[Event "The Youth League, season 2"]
[Site "SchemingMind.com"]
[Date "2005.11.28"]
[Round "-"]
[White "Ashmaster"]
[Black "sansubari"]
[Result "1/2-1/2"]
[WhiteCountry "IRL"]
[BlackCountry "MAS"]
[WhiteElo "1400"]
[WhiteRD "63"]
[BlackElo "1638"]
[BlackRD "76"]
[GameID "31476"]

1. e4 d5 2. exd5 Qxd5 3. Nc3 Qe5+ 4. Be2 Bf5 5. Nf3 Qc5 6. d4 Qa5 7. O-O c6 8. Bf4 e6 9. Qd2 Nf6 10. Bd3 Bb4
11. a3 Bxc3 12. Qxc3 Qxc3 13. bxc3 Bxd3 14. cxd3 Nd5 15. Bxb8 Rxb8 16. c4 Nf4 17. Rfd1 Rd8 18. Kf1 O-O 19. Rab1 b6=
1/2-1/2

[Event "The Youth League, season 2"]
[Site "SchemingMind.com"]
[Date "2005.11.28"]
[Round "-"]
[White "asperse"]
[Black "sansubari"]
[Result "0-1"]
[WhiteCountry "ENG"]
[BlackCountry "MAS"]
[WhiteElo "1305"]
[WhiteRD "62"]
[BlackElo "1639"]
[BlackRD "71"]
[GameID "31477"]

1. e4 d5 2. exd5 Qxd5 3. Nc3 Qe5+ 4. Be2 Bf5 5. Nf3 Qa5 6. O-O c6 7. Bc4 e6 8. a3 Bd6 9. g3 Nf6 10. d3 h6
11. Bd2 Qc7 12. Qc1 Bg4 13. Qd1 Nbd7 14. b4= Ne5 15. Qe2 Nxf3+ 16. Kh1 Nxh2 17. Qe3 Nxf1 18. Rxf1 h5 19. Kg1 g6 20. Qg5 Be7
21. Bf4 Qd8 22. Qe5 Rh7 23. Ne4 Nd7 24. Qd4 Nf6 25. Qxd8+ Rxd8 26. Bc7 Rd7 27. Be5 Nxe4 28. dxe4 Bf3 29. Bd3 h4 30. Kh2 h3
31. a4 Bxb4 32. c3 Bc5 33. a5 Rxd3
0-1

[Event "The Youth League, season 2"]
[Site "SchemingMind.com"]
[Date "2005.11.28"]
[Round "-"]
[White "Scotty919"]
[Black "sansubari"]
[Result "0-1"]
[WhiteCountry "ENG"]
[BlackCountry "MAS"]
[WhiteElo "1322"]
[WhiteRD "70"]
[BlackElo "1638"]
[BlackRD "76"]
[GameID "31478"]

1. e4 d5 2. Nc3 dxe4 3. Nxe4 c6 4. c3 Bf5 5. Qe2 e6 6. d4 h6 7. g4 Bg6 8. Nf3 Nf6 9. Ned2 Nxg4 10. Bg2 Bd6
11. O-O Qc7 12. Re1 Bxh2+ 13. Nxh2 Qxh2+ 14. Kf1 Qh4 15. b3 Bh5 16. Qe4 Qxf2#
0-1

[Event "The Youth League, season 2"]
[Site "SchemingMind.com"]
[Date "2005.11.28"]
[Round "-"]
[White "thinkfirst29"]
[Black "sansubari"]
[Result "0-1"]
[WhiteCountry "USA"]
[BlackCountry "MAS"]
[WhiteElo "1601"]
[WhiteRD "71"]
[BlackElo "1641"]
[BlackRD "66"]
[GameID "31479"]

1. e4 d5 2. exd5 Qxd5 3. Nc3 Qe5+ 4. Qe2 Qxe2+ 5. Bxe2 Bf5 6. d3 e6 7. Bf4 c6 8. Nf3 Nf6 9. O-O Nbd7 10. a3 Nd5
11. Ne4 Nxf4 12. Ng3 Nxe2+ 13. Nxe2 Bg4 14. b4 Bxf3 15. gxf3 Bd6 16. c4 Ne5 17. c5 Bc7 18. d4 Nxf3+ 19. Kg2 Nxh2 20. Rh1 Ng4
21. Rad1 h6 22. Rd3 Rd8 23. f3 Ne5 24. Rc3 Ng6 25. Kf2 Nf4 26. Ke3 Nd5+ 27. Kd3 Nxc3 28. Nxc3 O-O 29. Nb5 Bb8 30. Nc3 e5
31. Ne2 exd4 32. Rh4 Be5 33. a4 Rd7 34. b5 Rfd8 35. Nc1 Bg3 36. Rg4 Bf2 37. Nb3 cxb5 38. axb5 Rd5 39. f4 b6 40. Rg2 Be3
41. c6 Rxb5 42. c7 Rc8 43. Nxd4 Bxd4 44. Kxd4 Rxc7
0-1

[Event "The Youth League, season 2"]
[Site "SchemingMind.com"]
[Date "2005.12.02"]
[Round "-"]
[White "Manuel Ángel Seris-Granier"]
[Black "sansubari"]
[Result "0-1"]
[WhiteCountry "ESP"]
[BlackCountry "MAS"]
[WhiteElo "1972"]
[WhiteRD "114"]
[BlackElo "1641"]
[BlackRD "66"]
[GameID "31480"]

1. e4 d5 2. exd5 Qxd5 3. Nc3 Qe5+ 4. Be2 Bf5 5. Nf3 Qa5 6. d4 c6 7. O-O e6 8. Nh4 Bg6 9. Bf4 Be7 10. Nxg6 hxg6
11. a3 Nf6 12. b4 Qd8 13. Qd3 Bd6 14. Be5 Bxe5 15. dxe5 Qxd3 16. cxd3 Nd5 17. Nxd5 exd5 18. Rac1 a6 19. Rfe1 Kf8 20. d4 Nd7
21. a4 Nb6 22. b5 axb5 23. axb5 Rc8 24. bxc6 bxc6 25. Ba6 Rc7 26. Rb1 Rh4 27. Rxb6 Rxd4
0-1

[Event "The Youth League, season 2"]
[Site "SchemingMind.com"]
[Date "2005.11.28"]
[Round "-"]
[White "alejandroales"]
[Black "sansubari"]
[Result "1-0"]
[WhiteCountry "ARG"]
[BlackCountry "MAS"]
[WhiteElo "1693"]
[WhiteRD "104"]
[BlackElo "1638"]
[BlackRD "76"]
[GameID "31481"]

1. e4 d5 2. exd5 Qxd5 3. Nc3 Qe5+ 4. Be2 Bf5 5. Nf3 Qa5 6. d4 c6 7. O-O Nf6 8. Bg5 h6 9. Bxf6 exf6 10. Re1 Bd6
11. Bc4+ Kf8 12. d5 Qc7 13. dxc6 Nxc6 14. Nb5 Bxh2+ 15. Kh1 Qb8 16. Nxh2 Ne5 17. Bb3 Be6 18. Bxe6 fxe6 19. Nf3 Nxf3 20. Qxf3 a6
21. Nc3 e5 22. Rad1 b5 23. Rxe5 Kg8 24. Re7 Ra7 25. Rxa7
1-0

[Event "The Youth League, season 2"]
[Site "SchemingMind.com"]
[Date "2005.11.28"]
[Round "-"]
[White "njet"]
[Black "sansubari"]
[Result "1-0"]
[WhiteCountry "RUS"]
[BlackCountry "MAS"]
[WhiteElo "1960"]
[WhiteRD "106"]
[BlackElo "1639"]
[BlackRD "71"]
[GameID "31482"]

1. e4 d5 2. exd5 Qxd5 3. Nc3 Qe5+ 4. Be2 Bf5 5. Nf3 Qa5 6. O-O c6 7. d4 e6 8. Re1 Bb4 9. Bd2 Ne7 10. a3 Bd6
11. Ne4 Qc7 12. Nxd6+ Qxd6 13. Bb4 Qc7 14. c4 a5= 15. Bxe7 Qxe7= 16. d5 O-O 17. d6 Qd7= 18. c5 Na6= 19. Rc1 f6 20. Nh4 Be4
21. Bxa6 Bxg2 22. Bxb7 Qxb7 23. Nxg2 Qxb2 24. Qa4 Qb7 25. Rxe6 Rfd8 26. Rce1 h6 27. Re7 Qb5 28. Qg4 Rf8 29. Qxg7#
1-0

[Event "The Youth League, season 2"]
[Site "SchemingMind.com"]
[Date "2005.12.10"]
[Round "-"]
[White "IvanXXIII"]
[Black "Ashmaster"]
[Result "0-1"]
[WhiteCountry "CRO"]
[BlackCountry "IRL"]
[WhiteElo "1499"]
[WhiteRD "78"]
[BlackElo "1556"]
[BlackRD "61"]
[GameID "32670"]

1. Nf3 c5 2. c4 Nf6 3. Nc3 Nc6 4. d4 cxd4 5. Nxd4 Nxd4 6. Qxd4 e6 7. e4 d6 8. Bg5 Be7 9. Rd1 O-O 10. Bxf6 Bxf6
11. Qxd6 Qxd6 12. Rxd6 Bxc3+ 13. bxc3 b6 14. Bd3 Bb7 15. Ke2 Rad8 16. Rxd8 Rxd8 17. Rd1 f6 18. f3 Kf7 19. Bc2 Rxd1 20. Bxd1 Ba6
21. Kd3 Ke7 22. f4 Kd6 23. Ba4 Kc5 24. Bb3 b5 25. cxb5 Bxb5+ 26. Ke3 Bc4 27. Bxc4 Kxc4 28. Kd2 a6 29. Kc2 a5 30. g4 g6
0-1

[Event "The Youth League, season 2"]
[Site "SchemingMind.com"]
[Date "2005.12.10"]
[Round "-"]
[White "IvanXXIII"]
[Black "asperse"]
[Result "0-1"]
[WhiteCountry "CRO"]
[BlackCountry "ENG"]
[WhiteElo "1557"]
[WhiteRD "75"]
[BlackElo "1324"]
[BlackRD "69"]
[GameID "32671"]

1. d4 f5 2. Bg5 h6 3. Bh4 g5 4. Bg3 Bg7 5. e3 d6 6. Qh5+ Kf8 7. Bc4 Qe8 8. Qxe8+ Kxe8 9. Nc3 Nf6 10. O-O-O Bd7
11. f3 Nc6 12. Nge2 h5 13. Bf2 g4 14. Nf4 gxf3 15. gxf3 Na5 16. Be6 Rc8 17. Bxd7+ Kxd7
0-1

[Event "The Youth League, season 2"]
[Site "SchemingMind.com"]
[Date "2005.12.10"]
[Round "-"]
[White "IvanXXIII"]
[Black "Scotty919"]
[Result "1-0"]
[WhiteCountry "CRO"]
[BlackCountry "ENG"]
[WhiteElo "1908"]
[WhiteRD "98"]
[BlackElo "1310"]
[BlackRD "67"]
[GameID "32672"]

1. e4 e5 2. Nf3 Nc6 3. Bb5 a6 4. Ba4 Nf6 5. O-O Bc5 6. c3 O-O 7. d3 b5 8. Bc2 d6 9. h3 h6 10. Re1 Qe7
11. Nbd2 Be6 12. Nf1 g5 13. N3h2 Nh7 14. Be3 f6 15. Bxc5 dxc5 16. Ne3 Qd7 17. Bb3 Bxb3 18. Qxb3+ Rf7 19. Nhg4 Kg7 20. Nf5+ Kg6
21. Ngxh6 Rff8 22. Re3 Ne7 23. Nxe7+ Qxe7 24. Nf5 Qd7 25. Rg3 Rab8 26. h4 c4 27. dxc4 bxc4 28. Qc2 c5 29. Qe2 Qb5 30. h5+
1-0

[Event "The Youth League, season 2"]
[Site "SchemingMind.com"]
[Date "2005.12.10"]
[Round "-"]
[White "IvanXXIII"]
[Black "thinkfirst29"]
[Result "0-1"]
[WhiteCountry "CRO"]
[BlackCountry "USA"]
[WhiteElo "1557"]
[WhiteRD "75"]
[BlackElo "1646"]
[BlackRD "68"]
[GameID "32673"]

1. d4 d5 2. c4 dxc4 3. e4 e5 4. Nf3 exd4 5. Bxc4 c5 6. Ne5 Be6 7. Bxe6 fxe6 8. Qh5+ g6 9. Nxg6 Nf6 10. Qh3 hxg6
11. Qxh8 Nxe4 12. Bh6 Nd7 13. Bxf8 Nxf8 14. Nd2 Nxd2 15. Kxd2 Qg5+ 16. Ke2 O-O-O 17. Rad1 e5
0-1

[Event "The Youth League, season 2"]
[Site "SchemingMind.com"]
[Date "2005.12.10"]
[Round "-"]
[White "IvanXXIII"]
[Black "sansubari"]
[Result "0-1"]
[WhiteCountry "CRO"]
[BlackCountry "MAS"]
[WhiteElo "1557"]
[WhiteRD "75"]
[BlackElo "1700"]
[BlackRD "62"]
[GameID "32674"]

1. d4 d5 2. c4 dxc4 3. e4 b5 4. a4 c6= 5. axb5 cxb5 6. b3 Qc7 7. bxc4 bxc4 8. Qa4+ Bd7 9. Qxc4 Qxc4 10. Bxc4 Nf6
11. Nc3 e6 12. Bb5 Bb4 13. Bd2 Bxc3
0-1

[Event "The Youth League, season 2"]
[Site "SchemingMind.com"]
[Date "2005.12.10"]
[Round "-"]
[White "IvanXXIII"]
[Black "Manuel Ángel Seris-Granier"]
[Result "0-1"]
[WhiteCountry "CRO"]
[BlackCountry "ESP"]
[WhiteElo "1464"]
[WhiteRD "87"]
[BlackElo "1898"]
[BlackRD "115"]
[GameID "32675"]

1. d4 d5 2. c4 e6 3. Nc3 Nf6 4. cxd5 exd5 5. Bg5 Be7 6. e3 c6 7. Qc2 Nbd7 8. Bd3 O-O 9. Nf3 Re8 10. h3 Nf8
11. Bf4 Bd6 12. Bxd6 Qxd6 13. O-O-O Be6
0-1

[Event "The Youth League, season 2"]
[Site "SchemingMind.com"]
[Date "2005.12.10"]
[Round "-"]
[White "IvanXXIII"]
[Black "alejandroales"]
[Result "1-0"]
[WhiteCountry "CRO"]
[BlackCountry "ARG"]
[WhiteElo "1908"]
[WhiteRD "98"]
[BlackElo "1650"]
[BlackRD "81"]
[GameID "32676"]

1. d4 Nf6 2. c4 e6 3. Nf3 c5 4. e3 d5 5. Nc3 Nc6 6. cxd5 exd5 7. Bb5 Be7 8. dxc5 Bxc5 9. O-O O-O 10. Nd4 Qb6
11. Na4 Qc7 12. Nxc5 Nxd4 13. exd4 b6 14. Nb3 Bg4 15. Be2 Bf5 16. Be3 Ne4 17. Nd2 Rae8 18. Nxe4 Bxe4 19. Bd3 f5 20. Bxe4 fxe4
21. Rc1 Qd6 22. Qg4 Re6 23. Qg3 Qxg3 24. fxg3 Rxf1+ 25. Rxf1 g6 26. Rc1 Re7 27. Rc8+ Kf7 28. Rd8 Kg7 29. Rxd5
1-0

[Event "The Youth League, season 2"]
[Site "SchemingMind.com"]
[Date "2005.12.10"]
[Round "-"]
[White "IvanXXIII"]
[Black "njet"]
[Result "0-1"]
[WhiteCountry "CRO"]
[BlackCountry "RUS"]
[WhiteElo "1557"]
[WhiteRD "75"]
[BlackElo "2071"]
[BlackRD "80"]
[GameID "32677"]

1. Nf3 Nf6 2. g3 g6 3. Bg2 Bg7 4. O-O O-O 5. c4 d6 6. d4 Nbd7 7. Nc3 e5 8. e4 exd4 9. Nxd4 Re8 10. h3 Nb6
11. Qb3 Nfd7 12. Ndb5 Nc5 13. Qc2 a6 14. b4 Nxe4 15. Bxe4 axb5 16. cxb5 Bxc3 17. Qxc3 Rxe4
0-1

[Event "The Youth League, season 2"]
[Site "SchemingMind.com"]
[Date "2005.12.11"]
[Round "-"]
[White "Ashmaster"]
[Black "IvanXXIII"]
[Result "1-0"]
[WhiteCountry "IRL"]
[BlackCountry "CRO"]
[WhiteElo "1527"]
[WhiteRD "59"]
[BlackElo "1557"]
[BlackRD "75"]
[GameID "32678"]

1. e4 e5 2. Nf3 Nc6 3. Bc4 Nf6 4. Ng5 d5 5. exd5 b5 6. Bxb5 Qxd5 7. Be2 Qxg2 8. Bf3 Qxg5 9. Bxc6+ Bd7 10. d4 Bxc6
11. Bxg5 Bxh1 12. Bxf6 gxf6 13. f3 e4 14. fxe4 Bxe4 15. Qe2 f5 16. Nc3 Bb4 17. Qb5+ c6 18. Qxb4 O-O-O 19. Nxe4 fxe4 20. O-O-O Rhe8
21. Qc4
1-0

[Event "The Youth League, season 2"]
[Site "SchemingMind.com"]
[Date "2005.12.10"]
[Round "-"]
[White "asperse"]
[Black "IvanXXIII"]
[Result "0-1"]
[WhiteCountry "ENG"]
[BlackCountry "CRO"]
[WhiteElo "1305"]
[WhiteRD "62"]
[BlackElo "1908"]
[BlackRD "98"]
[GameID "32679"]

1. e4 e5 2. Nf3 Nc6 3. Bb5 a6 4. Bxc6 dxc6 5. Nxe5 Qd4 6. Ng4 Qxe4+ 7. Ne3 Bd6 8. O-O Qh4 9. g3 Qh3 10. Re1 Be6
11. d4 h5 12. Qf3 h4 13. Nc3 hxg3 14. fxg3 Qxh2+ 15. Kf1 Qh1+ 16. Qxh1 Rxh1+ 17. Kf2 Bxg3+ 18. Kxg3 Rxe1 19. Ng2 Rh1 20. b3 Rh3+
21. Kf2 Rxc3
0-1

[Event "The Youth League, season 2"]
[Site "SchemingMind.com"]
[Date "2005.12.10"]
[Round "-"]
[White "Scotty919"]
[Black "IvanXXIII"]
[Result "0-1"]
[WhiteCountry "ENG"]
[BlackCountry "CRO"]
[WhiteElo "1310"]
[WhiteRD "67"]
[BlackElo "1908"]
[BlackRD "98"]
[GameID "32680"]

1. e4 e5 2. Nf3 Nc6 3. c3 d5 4. exd5 Qxd5 5. g3 e4 6. Nd4 Nxd4 7. cxd4 e3 8. Rg1 exf2+ 9. Kxf2 Qxd4+ 10. Kg2 Bc5
11. Be2 Qxg1+ 12. Qxg1 Bxg1 13. Kxg1 Nf6 14. Nc3 O-O 15. Bf3 c6 16. b3 Bg4 17. Bg2 Rad8 18. Ba3 Rfe8 19. d4 Rxd4 20. Bc5 Rd3
21. Rc1 b6 22. Bf2 Nd5 23. Nxd5 cxd5 24. h3 Rd1+ 25. Rxd1 Bxd1 26. Bxd5 Rd8 27. Be4 Rd2 28. g4 Rxa2 29. Bd5 Rd2 30. Bc4 Rb2
0-1